Les métiers de Barbie - Statistiques

Statistiques générales
  • Ce quiz a été pris 559 fois
  • Le résultat moyen est 4 sur 22
Statistiques - réponses
Réponse % Correct
3 chanteuse
53%
22 actrice
46%
15 astronaute
43%
5 infirmière
39%
1 mannequin
39%
2 styliste
35%
6 hôtesse de l'air
32%
16 professeur
27%
21 cavalière
16%
10 baby-sitter
12%
17 peintre
11%
19 photographe
11%
4 ballerine
10%
14 comédienne
5%
11 femme d'affaire
3%
7 joueuse de tennis
3%
8 patineuse artistique
3%
13 pom-pom girl
3%
12 skieuse
3%
20 coordinatrice de festival artistique
1%
18 éditrice de mode
1%
9 étudiante diplômée
0%
Aucun quiz correspondant
Distribution des résultats
% des personnes avec chaque résultat
Percentile par nombre de réponses
Votre historique - résultats
Vous n’avez pas pris ce quiz